000 00526cam a2200205 a 4500
001 2773963
005 20180206035141.0
008 830705s1981 njua 001 0 eng
010 _a 80084367
020 _c$14.95
040 _aDLC
_cDLC
_dDLC
041 _aeng
080 _a658.403 KEP
082 0 0 _a658.403 KEP
100 1 _a54
101 _aMAN
245 1 4 _aThe new rational manager /
_cCharles H. Kepner, Benjamin B. Tregoe.
906 _a7
_bcbc
_corignew
_d2
_eopcn
_f19
_gy-gencatlg
942 _2ddc
_cBK
999 _c41864
_d41864